000 00704nam a2200205 i 4500
001 161179
003 ES-MaACL
005 20230906212216.0
008 050711s1872 gw |||| | eng d
040 _aCAM
_bspa
_cCAM
100 0 _aOuida (
_d1839-1908)
_9130750
245 1 0 _aCecil Castlemaine's gage
_b: and others novelettes /
_cby Ouida.
260 _aLeipzig :
_bBernhard Tauchnitz,
_c1872.
300 _a296 p. ;
_c16 cm.
490 1 _aCollection of British Authors ;
_v1247
594 _aOuida es seud. de Louise de La Remée.
830 0 _aCollection of British Authors ;
_v1247
_9180703
852 _aES-MaACL
_jG-11807
_z-- Enc. hol., conservando la enc. original
999 _c161179
_d161179